LIBRARY & INFORMATION CENTRE, KCAET, TAVANUR

ONLINE PUBLIC ACCESS CATALOGUE (OPAC)

Normal view MARC view
  • Ganesan, V .

Entry Personal Name

Number of records used in: 1

001 - CONTROL NUMBER

  • control field: 537

003 - CONTROL NUMBER IDENTIFIER

  • control field: OSt

005 - DATE AND TIME OF LATEST TRANSACTION

  • control field: 20160621154548.0

008 - FIXED-LENGTH DATA ELEMENTS

  • fixed length control field: 160621|| aca||aabn | a|a d

040 ## - CATALOGING SOURCE

  • Original cataloging agency: OSt
  • Transcribing agency: OSt

100 ## - HEADING--PERSONAL NAME

  • Personal name: Ganesan, V .

670 ## - SOURCE DATA FOUND

  • Source citation: Work cat.: (OSt)9760: Ganesan, V ., I C Engines , 2014
free website counter